000
00315nam a2200145Ia 4500
100
_a
Haykin/Simons/ Skapura David M
250
_a
2
942
_c
BK
654
_a
Neural
245
_a
Neural networks
260
_b
Prentice Hall
_a
New Jersey
_c
2003
082
_a
6.3
_b
HAY
300
_a
842
546
_a
ENGLISH
999
_c
27898
_d
27898